00525 2200181 4500001002100000005001500021008004100036020002300077035001900100041000700119082000800126090001400134100001800148245007400166260004600240300002700286650003000313INLIS00000000000075720241224112227241224||||||||| | ||| |||| || |  a978-979-160666-0-0 0010-1224000757 aid0 a306 a306 TIM m0 aTim Sundalana00aMenyelamatkan Alam Sunda Dan Kajian Lainnya Mengenai Kebudayaan Sunda aBandungbYayasan Pusat Studio Sundac2007 a223 hlm; ilus; 20,8 cm 0aIlmu Sejarah dan Biografi